[Event "Stillwater Winter op"]
[Site "Stillwater"]
[Date "2007.02.17"]
[Round "1"]
[White "Charbonneau, Pascal"]
[Black "Sobel, Simone L"]
[Result "1-0"]
[WhiteElo "2500"]
[BlackElo "2017"]
[PlyCount "79"]
[GameId "1166649180557312"]
[EventDate "2007.02.17"]
[EventType "swiss"]
[EventRounds "7"]
[EventCountry "USA"]
[SourceTitle "CBM 116 Extra"]
[Source "ChessBase"]
[SourceDate "2007.03.07"]
[SourceVersion "1"]
[SourceVersionDate "2007.03.07"]
[SourceQuality "1"]

1. e4 e6 2. d3 d5 3. Nd2 c5 4. Ngf3 Nf6 5. g3 Nc6 6. Bg2 b6 7. O-O Bb7 8. Re1 Be7 9. e5 Nd7 10. Nf1 Qc7 11. Bf4 h6 12. g4 g5 13. Bg3 O-O-O 14. c3 h5 15. h3 hxg4 16. hxg4 Rdg8 17. a3 Nf8 18. b4 Ng6 19. d4 c4 20. Qd2 Nf4 21. Bxf4 gxf4 22. Qxf4 Rg7 23. Ng3 Bd8 24. Nh5 Rgh7 25. Ng5 Bxg5 26. Qxg5 Ne7 27. Nf6 Rh6 28. Kf1 Ng6 29. Ke2 Rh2 30. Rg1 Qd8 31. Bf3 Nh4 32. Qf4 Nxf3 33. Qxf3 R2h6 34. Rh1 Qf8 35. g5 Rxh1 36. Rxh1 Rxh1 37. Qxh1 Qg7 38. Qh6 Qg6 39. Qxg6 fxg6 40. Nh7 1-0

[Event "Stillwater Winter op"]
[Site "Stillwater"]
[Date "2007.02.17"]
[Round "2"]
[White "Coleman, Maxx W"]
[Black "Charbonneau, Pascal"]
[Result "0-1"]
[WhiteElo "2204"]
[BlackElo "2500"]
[PlyCount "50"]
[GameId "1166649180639232"]
[EventDate "2007.02.17"]
[EventType "swiss"]
[EventRounds "7"]
[EventCountry "USA"]
[SourceTitle "CBM 116 Extra"]
[Source "ChessBase"]
[SourceDate "2007.03.07"]
[SourceVersion "1"]
[SourceVersionDate "2007.03.07"]
[SourceQuality "1"]

1. e4 c5 2. Nf3 d6 3. d4 cxd4 4. Nxd4 Nf6 5. Nc3 Nc6 6. Be2 g6 7. O-O Bg7 8. Be3 O-O 9. f4 Qb6 10. Na4 Qb4 11. c3 Qa5 12. b4 Qc7 13. Bf3 Bd7 14. Nb2 Nxd4 15. cxd4 Qc3 16. Qc1 Qxb4 17. Nd3 Qa5 18. Qb2 Ng4 19. Bxg4 Bxg4 20. h3 Be6 21. Qxb7 Bc4 22. Rfd1 Rab8 23. Qxe7 Qa3 24. Bc1 Bxd4+ 25. Kh1 Qa4 0-1

[Event "Stillwater Winter op"]
[Site "Stillwater"]
[Date "2007.02.18"]
[Round "5"]
[White "Charbonneau, Pascal"]
[Black "Jackson, Trevor H"]
[Result "1-0"]
[WhiteElo "2500"]
[BlackElo "2139"]
[PlyCount "73"]
[GameId "1166649180938240"]
[EventDate "2007.02.17"]
[EventType "swiss"]
[EventRounds "7"]
[EventCountry "USA"]
[SourceTitle "CBM 116 Extra"]
[Source "ChessBase"]
[SourceDate "2007.03.07"]
[SourceVersion "1"]
[SourceVersionDate "2007.03.07"]
[SourceQuality "1"]

1. e4 e6 2. d3 d5 3. Qe2 Nf6 4. Nf3 Be7 5. g3 c5 6. Bg2 Nc6 7. O-O O-O 8. e5 Nd7 9. c4 Nb6 10. Rd1 f5 11. cxd5 Nxd5 12. Nc3 Nd4 13. Nxd4 Nxc3 14. bxc3 cxd4 15. cxd4 Qxd4 16. Bb2 Qb6 17. Rab1 Qa6 18. Qc2 f4 19. Be4 fxg3 20. hxg3 Bd7 21. Qc7 Qb6 22. Qxb6 axb6 23. Rdc1 Rfc8 24. Rxc8+ Rxc8 25. Bxb7 Rc2 26. Be4 b5 27. d4 Re2 28. Bf3 Rd2 29. Kf1 Kf7 30. Be4 Bb4 31. Kg2 h6 32. Kf3 Ba5 33. Ke3 g5 34. Bf3 Ke8 35. Bd1 Bc6 36. Bb3 Bd5 37. Bc1 1-0

[Event "Miami op"]
[Site "Miami"]
[Date "2007.09.28"]
[Round "5"]
[White "Williams, Christopher"]
[Black "Charbonneau, Pascal"]
[Result "1/2-1/2"]
[WhiteElo "2179"]
[BlackElo "2503"]
[PlyCount "88"]
[GameId "1166649858347008"]
[EventDate "2007.09.26"]
[EventType "swiss"]
[EventRounds "9"]
[EventCountry "USA"]
[SourceTitle "CBM 120 Extra"]
[Source "ChessBase"]
[SourceDate "2007.11.01"]
[SourceVersion "1"]
[SourceVersionDate "2007.11.01"]
[SourceQuality "1"]

1. d4 Nf6 2. Nf3 g6 3. g3 Bg7 4. Bg2 O-O 5. O-O d6 6. c4 Nc6 7. Bd2 e5 8. d5 Ne7 9. Nc3 c6 10. dxc6 Nxc6 11. e4 Bg4 12. h3 Bxf3 13. Qxf3 Nd4 14. Qd3 Nd7 15. b4 Rc8 16. Nd5 Nb6 17. Rac1 Nxd5 18. exd5 f5 19. Be3 Qb6 20. Bxd4 exd4 21. Qa3 Bh6 22. f4 a5 23. c5 axb4 24. cxb6 bxa3 25. Rc6 bxc6 26. dxc6 d3 27. Bd5+ Kh8 28. Rd1 Bg7 29. Rxd3 Bf6 30. b7 Rce8 31. Kf1 Kg7 32. Rxa3 Bd4 33. c7 Bb6 34. Rc3 Rc8 35. Rc6 Rxc7 36. Rxb6 Rb8 37. Ke2 Rc5 38. Rxd6 Rxd5 39. Rxd5 Rxb7 40. a3 h6 41. Kd2 Ra7 42. Rd3 g5 43. Ke3 Ra4 44. Kf3 Kf6 1/2-1/2

[Event "New York Marshall CC-ch 91st"]
[Site "New York"]
[Date "2007.12.08"]
[Round "2"]
[White "Bonin, Jay R"]
[Black "Charbonneau, Pascal"]
[Result "1/2-1/2"]
[WhiteElo "2365"]
[BlackElo "2503"]
[PlyCount "87"]
[GameId "1166650146099200"]
[EventDate "2007.12.07"]
[EventType "swiss"]
[EventRounds "9"]
[EventCountry "USA"]
[SourceTitle "CBM 122 Extra"]
[Source "ChessBase"]
[SourceDate "2008.03.04"]
[SourceVersion "1"]
[SourceVersionDate "2008.03.04"]
[SourceQuality "1"]

1. d4 Nf6 2. Nf3 g6 3. Bg5 Bg7 4. Nbd2 d5 5. Bxf6 Bxf6 6. e4 dxe4 7. Nxe4 Bg7 8. c3 O-O 9. Bc4 Nd7 10. O-O Nb6 11. Bb3 a5 12. Nc5 Nd5 13. Ne5 e6 14. Re1 b6 15. Nc6 Qd6 16. Bxd5 exd5 17. Ne7+ Kh8 18. Nxc8 Raxc8 19. Nd3 c5 20. dxc5 bxc5 21. Qf3 c4 22. Nf4 d4 23. Rad1 Rb8 24. cxd4 Rxb2 25. Qc3 Qb4 26. Nd5 Qxc3 27. Nxc3 Rc2 28. Rc1 Rxc1 29. Rxc1 Bxd4 30. Nb5 Rd8 31. Kf1 Bb6 32. Ke1 Rd5 33. Na3 Re5+ 34. Kf1 Rf5 35. f3 Bc7 36. h3 Rc5 37. Rxc4 Rxc4 38. Nxc4 Kg7 39. Ne3 f5 40. Ke2 Kh6 41. a4 Kg5 42. Nd5 Bd6 43. Kf1 Bb8 44. Ke2 1/2-1/2

[Event "New York Marshall CC-ch 91st"]
[Site "New York"]
[Date "2007.12.08"]
[Round "3"]
[White "Charbonneau, Pascal"]
[Black "Hess, Robert L"]
[Result "1-0"]
[WhiteElo "2503"]
[BlackElo "2439"]
[PlyCount "43"]
[GameId "1166650146152448"]
[EventDate "2007.12.07"]
[EventType "swiss"]
[EventRounds "9"]
[EventCountry "USA"]
[SourceTitle "CBM 122 Extra"]
[Source "ChessBase"]
[SourceDate "2008.03.04"]
[SourceVersion "1"]
[SourceVersionDate "2008.03.04"]
[SourceQuality "1"]

1. c4 Nf6 2. Nc3 e5 3. g3 Bc5 4. Bg2 O-O 5. d3 Re8 6. Nf3 Bf8 7. O-O c6 8. e4 d5 9. exd5 cxd5 10. Bg5 d4 11. Nd5 Nbd7 12. Re1 Bd6 13. Bh3 h6 14. Bxd7 Bxd7 15. Bxf6 gxf6 16. Nh4 f5 17. f4 exf4 18. Rxe8+ Bxe8 19. Nxf5 Bf8 20. Qg4+ Qg5 21. Qxg5+ hxg5 22. gxf4 1-0

[Event "Foxwoods op 10th"]
[Site "Ledyard"]
[Date "2008.03.21"]
[Round "4"]
[White "Charbonneau, Pascal"]
[Black "Waidyaratne, Kasun D"]
[Result "1-0"]
[WhiteElo "2496"]
[BlackElo "2109"]
[PlyCount "109"]
[GameId "1166650385317888"]
[EventDate "2008.03.19"]
[EventType "swiss"]
[EventRounds "9"]
[EventCountry "USA"]
[SourceTitle "CBM 123 Extra"]
[Source "ChessBase"]
[SourceDate "2008.05.06"]
[SourceVersion "1"]
[SourceVersionDate "2008.05.06"]
[SourceQuality "1"]

1. e4 c5 2. Nf3 Nc6 3. Bb5 d6 4. O-O Bd7 5. c3 Nf6 6. Re1 a6 7. Ba4 b5 8. Bb3 e5 9. h3 Be7 10. d4 O-O 11. d5 Na5 12. Bc2 Nc4 13. b3 Nb6 14. Nbd2 c4 15. bxc4 bxc4 16. Nf1 Qc8 17. Rb1 Rb8 18. Ba3 Re8 19. Ne3 Bb5 20. Nf5 Qd8 21. Bb4 g6 22. Nxe7+ Rxe7 23. a4 Be8 24. Nd2 Rc7 25. Qc1 Qe7 26. Ba5 Nfd7 27. Qa3 Rcb7 28. Bb4 Nc5 29. Bxc5 dxc5 30. a5 Nc8 31. Rxb7 Rxb7 32. Nxc4 Bb5 33. Ne3 c4 34. Qa2 Nd6 35. Rb1 Qh4 36. Qa3 Nxe4 37. Bxe4 Qxe4 38. Rd1 Rd7 39. Qc5 Kg7 40. d6 Ba4 41. Rd5 Rb7 42. Qxc4 Qb1+ 43. Kh2 Bb3 44. Qc8 Bxd5 45. Nxd5 Rb5 46. c4 Qc2 47. d7 Rxd5 48. cxd5 Qxf2 49. d8=Q Qf4+ 50. Kg1 Qe3+ 51. Kf1 Qd3+ 52. Ke1 Qe3+ 53. Kd1 Qd3+ 54. Kc1 Qa3+ 55. Kc2 1-0

[Event "Foxwoods op 10th"]
[Site "Ledyard"]
[Date "2008.03.22"]
[Round "6"]
[White "Charbonneau, Pascal"]
[Black "Yeager, Daniel A"]
[Result "1-0"]
[WhiteElo "2496"]
[BlackElo "2265"]
[PlyCount "55"]
[GameId "1166650385453056"]
[EventDate "2008.03.19"]
[EventType "swiss"]
[EventRounds "9"]
[EventCountry "USA"]
[SourceTitle "CBM 123 Extra"]
[Source "ChessBase"]
[SourceDate "2008.05.06"]
[SourceVersion "1"]
[SourceVersionDate "2008.05.06"]
[SourceQuality "1"]

1. e4 c5 2. b3 d6 3. Bb2 Nf6 4. Nc3 e5 5. Bc4 Be7 6. Nge2 Be6 7. O-O g5 8. d3 Qd7 9. a4 h5 10. a5 h4 11. Bb5 Nc6 12. a6 b6 13. Na4 Rc8 14. d4 cxd4 15. c3 dxc3 16. Naxc3 Kf8 17. Nd5 Qd8 18. Rc1 Nb8 19. Qd3 Bxd5 20. exd5 Rc5 21. Nc3 Kg7 22. b4 Rc8 23. f3 Qg8 24. Qd2 Nh5 25. Bd3 Rc7 26. Nb5 Rxc1 27. Rxc1 Nxa6 28. Nxd6 1-0

[Event "USA tt"]
[Site "ICC INT"]
[Date "2008.09.08"]
[Round "3"]
[White "Charbonneau, Pascal"]
[Black "Kudrin, Sergey"]
[Result "1-0"]
[WhiteElo "2499"]
[BlackElo "2563"]
[PlyCount "103"]
[GameId "1166651182469120"]
[EventDate "2008.10.22"]
[EventType "team"]
[EventRounds "10"]
[EventCountry "USA"]
[SourceTitle "CBM 126 Extra"]
[Source "ChessBase"]
[SourceDate "2008.11.05"]
[SourceVersion "1"]
[SourceVersionDate "2008.11.05"]
[SourceQuality "1"]

1. e4 c5 2. Nf3 Nc6 3. d4 cxd4 4. Nxd4 g6 5. c4 Nf6 6. Nc3 d6 7. Nc2 Bg7 8. Be2 Nd7 9. Bd2 O-O 10. O-O a5 11. Na3 Nc5 12. Nab5 Nd4 13. Nxd4 Bxd4 14. Bh6 Bg7 15. Bxg7 Kxg7 16. Qd2 Bd7 17. Rfe1 Bc6 18. Bf1 a4 19. Rad1 f6 20. f4 Qa5 21. Re3 Rad8 22. Kh1 e5 23. f5 g5 24. Qe2 Rh8 25. Rh3 h5 26. Re3 h4 27. Rd2 Kf7 28. h3 Ke7 29. Qf3 Qb4 30. Kh2 Kf7 31. Qd1 Ke7 32. Rc2 Kf7 33. Qd2 Rd7 34. Rc1 Rdd8 35. Qc2 Rd7 36. Ree1 Rdd8 37. Rb1 Rd7 38. b3 axb3 39. axb3 Ra8 40. Re3 Kg8 41. Qd1 Ra3 42. Nb5 Bxb5 43. cxb5 d5 44. Qh5 Rf7 45. Qg6+ Kf8 46. Be2 Nxe4 47. Rxe4 Qxe4 48. Bh5 Rc7 49. Qxf6+ Kg8 50. Qd8+ Kg7 51. Qxc7+ Kh6 52. Qd6+ 1-0

[Event "USA tt"]
[Site "ICC INT"]
[Date "2008.10.06"]
[Round "7"]
[White "Christiansen, Larry Mark"]
[Black "Charbonneau, Pascal"]
[Result "0-1"]
[WhiteElo "2577"]
[BlackElo "2499"]
[PlyCount "101"]
[GameId "1166651182936064"]
[EventDate "2008.10.22"]
[EventType "team"]
[EventRounds "10"]
[EventCountry "USA"]
[SourceTitle "CBM 126 Extra"]
[Source "ChessBase"]
[SourceDate "2008.11.05"]
[SourceVersion "1"]
[SourceVersionDate "2008.11.05"]
[SourceQuality "1"]

1. c4 g6 2. e4 Bg7 3. d4 d6 4. Nc3 Nf6 5. f3 O-O 6. Be3 c5 7. dxc5 dxc5 8. Qxd8 Rxd8 9. Bxc5 Nc6 10. Nge2 Nd7 11. Be3 Nde5 12. Nf4 Nb4 13. Rc1 Be6 14. b3 g5 15. Nxe6 Ned3+ 16. Bxd3 Nxd3+ 17. Ke2 Nxc1+ 18. Rxc1 fxe6 19. Bxg5 Kf7 20. Be3 a6 21. Bb6 Rd7 22. Na4 Rg8 23. g3 Bh6 24. Rc2 e5 25. Nb2 Rg6 26. c5 Bg7 27. Nd3 h5 28. Ba5 Re6 29. a4 Bf6 30. b4 Rd4 31. Bb6 Rc6 32. Ke3 e6 33. f4 exf4+ 34. gxf4 Rd7 35. Rc4 Rc8 36. b5 axb5 37. axb5 Ke8 38. e5 Bd8 39. Ba7 b6 40. Ra4 Ra8 41. cxb6 Bxb6+ 42. Bxb6 Rxa4 43. Nc5 Ra3+ 44. Ke4 Re7 45. h4 Ra1 46. Nb3 Ra4+ 47. Bd4 Rd7 48. b6 Rb4 49. Nc5 Rdxd4+ 50. Ke3 Rdc4 51. Nxe6 0-1

[Event "USA tt"]
[Site "ICC INT"]
[Date "2008.10.13"]
[Round "8"]
[White "Kudrin, Sergey"]
[Black "Charbonneau, Pascal"]
[Result "1/2-1/2"]
[WhiteElo "2563"]
[BlackElo "2499"]
[PlyCount "69"]
[GameId "1166651183087616"]
[EventDate "2008.10.22"]
[EventType "team"]
[EventRounds "10"]
[EventCountry "USA"]
[SourceTitle "CBM 126 Extra"]
[Source "ChessBase"]
[SourceDate "2008.11.05"]
[SourceVersion "1"]
[SourceVersionDate "2008.11.05"]
[SourceQuality "1"]

1. e4 c5 2. Nf3 e6 3. d4 cxd4 4. Nxd4 Nc6 5. Nc3 d6 6. g3 Nf6 7. Bg2 Bd7 8. O-O Be7 9. Nxc6 Bxc6 10. a4 O-O 11. Re1 Nd7 12. Nb5 a6 13. Nd4 Qc7 14. a5 Rfe8 15. c4 Ne5 16. b3 Bd7 17. Be3 Bf6 18. Ra2 Rac8 19. f4 Ng6 20. Ne2 Bc6 21. Bb6 Qb8 22. Rd2 Be7 23. b4 Nf8 24. Qb3 Bd8 25. b5 axb5 26. cxb5 Bxb6+ 27. axb6 Bd7 28. Red1 Rc5 29. Rxd6 Rxb5 30. Qa3 Bc6 31. Nd4 Rxb6 32. e5 Ra6 33. Nxc6 Rxa3 34. Nxb8 Rxb8 35. Rb6 1/2-1/2

[Event "USA tt"]
[Site "ICC INT"]
[Date "2008.10.22"]
[Round "9"]
[White "Charbonneau, Pascal"]
[Black "Erenburg, Sergey"]
[Result "1-0"]
[WhiteElo "2499"]
[BlackElo "2563"]
[PlyCount "69"]
[GameId "1166651183157248"]
[EventDate "2008.10.22"]
[EventType "team"]
[EventRounds "10"]
[EventCountry "USA"]
[SourceTitle "CBM 126 Extra"]
[Source "ChessBase"]
[SourceDate "2008.11.05"]
[SourceVersion "1"]
[SourceVersionDate "2008.11.05"]
[SourceQuality "1"]

1. e4 c6 2. d4 d5 3. e5 Bf5 4. Nf3 e6 5. Be2 c5 6. Be3 cxd4 7. Nxd4 Ne7 8. Bg5 Qd7 9. Nc3 Bg6 10. h4 h6 11. Bf4 Nec6 12. Nb3 Qd8 13. h5 Bh7 14. Bd3 Bxd3 15. Qxd3 Nd7 16. Qg3 a6 17. O-O-O Nb6 18. Ne4 Nc4 19. Nd6+ Nxd6 20. exd6 Qb6 21. c4 dxc4 22. Be3 Qb4 23. Rh4 O-O-O 24. Bc5 Qb5 25. Qe3 cxb3 26. a4 Qa5 27. Rc4 Rd7 28. Bb4 Qg5 29. f4 Qxg2 30. Kb1 Be7 31. Rd2 Qg4 32. Qa7 Qf5+ 33. Ka1 Bxd6 34. Bxd6 Rc7 35. Rxc6 1-0

[Event "USA tt qf"]
[Site "ICC INT"]
[Date "2008.11.10"]
[Round "1"]
[White "Charbonneau, Pascal"]
[Black "Milman, Lev"]
[Result "0-1"]
[WhiteElo "2499"]
[BlackElo "2488"]
[PlyCount "62"]
[GameId "1166651270848512"]
[EventDate "2008.11.10"]
[EventType "team-tourn"]
[EventRounds "1"]
[EventCountry "USA"]
[SourceTitle "EXT 2009"]
[Source "ChessBase"]
[SourceDate "2008.11.26"]
[SourceVersion "1"]
[SourceVersionDate "2008.11.26"]
[SourceQuality "1"]

1. e4 c5 2. Nf3 d6 3. d4 cxd4 4. Nxd4 Nf6 5. Nc3 a6 6. Be2 e5 7. Nb3 Be7 8. O-O O-O 9. Re1 b6 10. Bg5 Bb7 11. Bxf6 Bxf6 12. Bc4 Qc7 13. Bd5 Nc6 14. a3 Rad8 15. Nc1 Ne7 16. Bb3 Kh8 17. N1a2 a5 18. Re2 Ba6 19. Re1 Bg5 20. Nd5 Nxd5 21. Bxd5 g6 22. Nc3 f5 23. Bb3 Bh6 24. Kh1 fxe4 25. Nxe4 d5 26. Nc3 Rxf2 27. Qg4 Bd2 28. Nxd5 Bxe1 29. Rxe1 Qf7 30. Ne3 Qf4 31. h3 Bb7 0-1

[Event "Olympiad-38"]
[Site "Dresden"]
[Date "2008.11.20"]
[Round "7"]
[White "Charbonneau, Pascal"]
[Black "Ssegirinya, Joseph Mary M"]
[Result "1-0"]
[WhiteElo "2499"]
[BlackElo "2013"]
[PlyCount "53"]
[GameId "1166651278921728"]
[EventDate "2008.11.13"]
[EventType "team-swiss"]
[EventRounds "11"]
[EventCountry "GER"]
[SourceTitle "CBM 128"]
[Source "ChessBase"]
[SourceDate "2009.01.28"]
[SourceVersion "1"]
[SourceVersionDate "2009.01.28"]
[SourceQuality "1"]
[WhiteTeam "Canada"]
[BlackTeam "Macau"]
[WhiteTeamCountry "CAN"]
[BlackTeamCountry "MAC"]

1. e4 c6 2. c4 e6 3. d4 d5 4. cxd5 exd5 5. e5 c5 6. Nf3 Nc6 7. Bb5 a6 8. Bxc6+ bxc6 9. O-O c4 10. h3 h6 11. b3 cxb3 12. axb3 Bb4 13. Ba3 Bxa3 14. Rxa3 Ne7 15. Nc3 g5 16. Re1 Ng6 17. Qc2 Be6 18. Na4 Qc8 19. Nb6 Qb7 20. Nxa8 Qxa8 21. Rea1 Bc8 22. e6 Nf4 23. exf7+ Kxf7 24. Ne5+ Kg7 25. g3 Nxh3+ 26. Kg2 Rh7 27. Qg6+ 1-0

[Event "Olympiad-38"]
[Site "Dresden"]
[Date "2008.11.23"]
[Round "10"]
[White "Charbonneau, Pascal"]
[Black "Espinoza, Felix"]
[Result "1-0"]
[WhiteElo "2499"]
[BlackElo "2243"]
[PlyCount "91"]
[GameId "1166651282411520"]
[EventDate "2008.11.13"]
[EventType "team-swiss"]
[EventRounds "11"]
[EventCountry "GER"]
[SourceTitle "CBM 128"]
[Source "ChessBase"]
[SourceDate "2009.01.28"]
[SourceVersion "1"]
[SourceVersionDate "2009.01.28"]
[SourceQuality "1"]
[WhiteTeam "Canada"]
[BlackTeam "Nicaragua"]
[WhiteTeamCountry "CAN"]
[BlackTeamCountry "NCA"]

1. e4 c5 2. Nf3 d6 3. d4 cxd4 4. Nxd4 Nf6 5. Nc3 a6 6. h3 e5 7. Nde2 Be7 8. g4 h6 9. Ng3 g6 10. Be3 Be6 11. Bg2 Nc6 12. Qd2 h5 13. g5 Nd7 14. h4 Qa5 15. a3 Rc8 16. O-O Nd4 17. f4 Nb5 18. f5 Bc4 19. b4 Qc7 20. Nd5 Bxd5 21. exd5 O-O 22. Bh3 Nc3 23. Rf2 Nb6 24. Bxb6 Qxb6 25. f6 Rc4 26. fxe7 Re8 27. Bf1 Rf4 28. Kg2 Nxd5 29. Rxf4 Nxf4+ 30. Kh2 Rxe7 31. c4 Qc6 32. Qe3 d5 33. cxd5 Qc2+ 34. Be2 Rc7 35. Qxe5 Rc4 36. Rf1 Qd2 37. Rf2 Qd4 38. Qxd4 Rxd4 39. Bf3 Kf8 40. Ne4 Nxd5 41. Rd2 Rxd2+ 42. Nxd2 Ne3 43. Bxb7 Nc2 44. Bxa6 Nxa3 45. Bd3 Ke7 46. Nb1 1-0

[Event "Olympiad-38"]
[Site "Dresden"]
[Date "2008.11.25"]
[Round "11"]
[White "Barrientos Chavarriaga, Sergio E"]
[Black "Charbonneau, Pascal"]
[Result "1/2-1/2"]
[WhiteElo "2450"]
[BlackElo "2499"]
[PlyCount "69"]
[GameId "1166651283566592"]
[EventDate "2008.11.13"]
[EventType "team-swiss"]
[EventRounds "11"]
[EventCountry "GER"]
[SourceTitle "CBM 128"]
[Source "ChessBase"]
[SourceDate "2009.01.28"]
[SourceVersion "1"]
[SourceVersionDate "2009.01.28"]
[SourceQuality "1"]
[WhiteTeam "Columbia"]
[BlackTeam "Canada"]
[WhiteTeamCountry "COL"]
[BlackTeamCountry "CAN"]

1. e4 c5 2. Nf3 e6 3. d4 cxd4 4. Nxd4 Nc6 5. Nc3 d6 6. Be3 Nf6 7. Be2 Be7 8. f4 O-O 9. Qd2 e5 10. Nxc6 bxc6 11. O-O exf4 12. Bxf4 Be6 13. Kh1 Qb8 14. Qe3 Re8 15. e5 Nd7 16. exd6 Bxd6 17. Rad1 Bxf4 18. Qxf4 Qxb2 19. Ne4 Qe5 20. Qh4 Nf8 21. Bd3 Ng6 22. Qf2 f6 23. Nd6 Re7 24. Bxg6 hxg6 25. Rfe1 Qh5 26. Rd3 Rd8 27. h3 Kf8 28. Nf5 Rxd3 29. Nxe7 Rxh3+ 30. gxh3 Qxh3+ 31. Kg1 Qg4+ 32. Kh2 Qh3+ 33. Kg1 Qg4+ 34. Kh2 Qh3+ 35. Kg1 1/2-1/2

[Event "Foxwoods op"]
[Site "Ledyard"]
[Date "2009.04.09"]
[Round "2"]
[White "Charbonneau, Pascal"]
[Black "Mac Intyre, Paul"]
[Result "1-0"]
[WhiteElo "2505"]
[BlackElo "2290"]
[PlyCount "66"]
[GameId "1166651692736512"]
[EventDate "2009.04.08"]
[EventType "swiss"]
[EventRounds "9"]
[EventCountry "USA"]
[SourceTitle "CBM 129 Extra"]
[Source "ChessBase"]
[SourceDate "2009.05.05"]
[SourceVersion "2"]
[SourceVersionDate "2009.05.20"]
[SourceQuality "1"]

1. e4 e5 2. Nf3 Nc6 3. Nc3 Nf6 4. g3 g6 5. Bg2 Bg7 6. O-O O-O 7. d3 d6 8. Ng5 h6 9. Nh3 Be6 10. f4 Bg4 11. Qd2 Nd4 12. Kh1 c6 13. Nd1 Qd7 14. Ng1 exf4 15. gxf4 Nh5 16. c3 Ne6 17. f5 gxf5 18. Ne3 Ng5 19. Nxf5 d5 20. Nxg7 Nxg7 21. exd5 cxd5 22. Qf2 Bf5 23. h4 N5e6 24. Bxh6 Bxd3 25. Rfd1 Qb5 26. a4 Qc4 27. b3 Qa6 28. Qg3 Bg6 29. Rxd5 Rfd8 30. Rad1 Nf5 31. Rxf5 Rxd1 32. h5 Qb6 33. Rf2 Kh7 1-0

[Event "Foxwoods op"]
[Site "Ledyard"]
[Date "2009.04.10"]
[Round "5"]
[White "Shibut, Macon A"]
[Black "Charbonneau, Pascal"]
[Result "0-1"]
[WhiteElo "2253"]
[BlackElo "2505"]
[PlyCount "82"]
[GameId "1166651693088768"]
[EventDate "2009.04.08"]
[EventType "swiss"]
[EventRounds "9"]
[EventCountry "USA"]
[SourceTitle "CBM 129 Extra"]
[Source "ChessBase"]
[SourceDate "2009.05.05"]
[SourceVersion "2"]
[SourceVersionDate "2009.05.20"]
[SourceQuality "1"]

1. b3 d5 2. Bb2 Bf5 3. Nf3 e6 4. g3 Nf6 5. Bg2 Be7 6. d3 h6 7. Nbd2 O-O 8. O-O Bh7 9. Re1 a5 10. a3 c6 11. e4 Na6 12. Qe2 Nc5 13. e5 Nfd7 14. h4 Na6 15. Nf1 b5 16. N1h2 a4 17. bxa4 bxa4 18. Ng4 Kh8 19. Bc1 Rb8 20. Bf4 Nc7 21. Nd4 Rb6 22. Qd2 Qb8 23. Nf3 Rb2 24. Nd4 Rb6 25. h5 c5 26. Nf3 Rb2 27. Rec1 Rd8 28. Kh2 c4 29. Bxh6 gxh6 30. Nxh6 Rf8 31. dxc4 Rb6 32. Qf4 f6 33. cxd5 Nxd5 34. Qxa4 Nxe5 35. Nd4 Nc3 36. Qa5 Rc8 37. Nb3 Bf8 38. f4 Bxh6 39. fxe5 Rb5 40. Qa6 Bxc1 41. Rxc1 Rg8 0-1

[Event "Foxwoods op"]
[Site "Ledyard"]
[Date "2009.04.12"]
[Round "9"]
[White "Enkhbat, Tsendragchaa"]
[Black "Charbonneau, Pascal"]
[Result "1/2-1/2"]
[WhiteElo "2253"]
[BlackElo "2505"]
[PlyCount "62"]
[GameId "1166651693383680"]
[EventDate "2009.04.08"]
[EventType "swiss"]
[EventRounds "9"]
[EventCountry "USA"]
[SourceTitle "CBM 129 Extra"]
[Source "ChessBase"]
[SourceDate "2009.05.05"]
[SourceVersion "2"]
[SourceVersionDate "2009.05.20"]
[SourceQuality "1"]

1. d4 Nf6 2. c4 g6 3. g3 Bg7 4. Bg2 O-O 5. Nc3 d6 6. Nf3 Nbd7 7. O-O e5 8. h3 c6 9. dxe5 dxe5 10. Be3 Qe7 11. Qb3 Re8 12. Rfd1 Nc5 13. Qa3 Bf8 14. Ng5 Be6 15. Nd5 cxd5 16. cxd5 Nxd5 17. Bxd5 Bxd5 18. Rxd5 b6 19. Bxc5 Qxg5 20. Bxf8 Rxf8 21. h4 Qf6 22. Qe3 Rfe8 23. Rad1 Rac8 24. Rd7 Rc2 25. Rxa7 Rxb2 26. Qf3 Qxf3 27. exf3 Rc8 28. Rdd7 Rc1+ 29. Kg2 Rcc2 30. Rxf7 Rxf2+ 31. Kh3 h5 1/2-1/2

[Event "USA tt"]
[Site "ICC INT"]
[Date "2009.09.02"]
[Round "1"]
[White "Ippolito, Dean"]
[Black "Charbonneau, Pascal"]
[Result "1-0"]
[WhiteElo "2455"]
[BlackElo "2509"]
[PlyCount "119"]
[GameId "1166652255854592"]
[EventDate "2009.08.31"]
[EventType "team (rapid)"]
[EventRounds "10"]
[EventCountry "USA"]
[SourceTitle "CBM 132 Extra"]
[Source "ChessBase"]
[SourceDate "2009.11.03"]
[SourceVersion "1"]
[SourceVersionDate "2009.11.03"]
[SourceQuality "1"]

1. Nf3 Nf6 2. c4 g6 3. g3 Bg7 4. Bg2 O-O 5. d4 d6 6. O-O Nbd7 7. Nc3 e5 8. e4 a6 9. h3 Rb8 10. Re1 b5 11. cxb5 axb5 12. b4 c6 13. Be3 Re8 14. Qc2 exd4 15. Nxd4 Bb7 16. Rad1 Rc8 17. Nb3 Qc7 18. f4 Bf8 19. a3 Ba8 20. Qf2 Rb8 21. Kh2 c5 22. bxc5 b4 23. axb4 Rxb4 24. Nd2 Nxc5 25. Bxc5 Qxc5 26. Qxc5 dxc5 27. e5 Bxg2 28. Kxg2 Rb2 29. Re2 Nh5 30. Kf3 Reb8 31. Nd5 Ra8 32. g4 Ng7 33. Nf6+ Kh8 34. Nc4 Rxe2 35. Kxe2 Ne6 36. Ke3 Be7 37. Nd5 Bf8 38. Ndb6 Rd8 39. Rxd8 Nxd8 40. f5 h5 41. Nd7 Bh6+ 42. Ke4 hxg4 43. hxg4 gxf5+ 44. gxf5 Nc6 45. Nd6 Kg8 46. Nxc5 Bc1 47. f6 Nxe5 48. Kxe5 Bb2+ 49. Kf5 Bxf6 50. Kxf6 Kh7 51. Nce4 Kh6 52. Ng3 Kh7 53. Ndf5 Kg8 54. Ne4 Kh7 55. Nc5 Kg8 56. Nd7 Kh7 57. Kg5 Kg8 58. Kh6 Kh8 59. Ne7 f6 60. Nf8 1-0

[Event "USA tt"]
[Site "ICC INT"]
[Date "2009.09.14"]
[Round "3"]
[White "Charbonneau, Pascal"]
[Black "Schneider, Dmitry"]
[Result "1-0"]
[WhiteElo "2509"]
[BlackElo "2483"]
[PlyCount "41"]
[GameId "1166652256014336"]
[EventDate "2009.08.31"]
[EventType "team (rapid)"]
[EventRounds "10"]
[EventCountry "USA"]
[SourceTitle "CBM 132 Extra"]
[Source "ChessBase"]
[SourceDate "2009.11.03"]
[SourceVersion "1"]
[SourceVersionDate "2009.11.03"]
[SourceQuality "1"]

1. e4 e5 2. Nf3 Nc6 3. Bc4 Nf6 4. Ng5 d5 5. exd5 b5 6. Bf1 Nd4 7. c3 Nxd5 8. cxd4 Qxg5 9. Bxb5+ Kd8 10. O-O Bb7 11. Qf3 e4 12. Qh3 Bc8 13. d3 Qf6 14. Qh5 Qxd4 15. dxe4 Nf6 16. Qh4 Bd6 17. Nc3 h6 18. Rd1 Qc5 19. Be3 g5 20. Qg3 Qb4 21. e5 1-0